000 00214nam a2200097Ia 4500
008 240331s9999 xx 000 0 und d
082 _bMAD
100 _aMadan, S.N.
245 0 _aDictionary of anthropolgy
942 _cL
999 _c2140
_d2140